000 00794nam a22002777a 4500
001 BR7705804
003 BR-BrBNA
005 20230928085506.0
007 ta
008 230509b bl.||||| |||| 00| 0 por d
040 _aBR-BrBNA
_bpor
_cBiblioteca Nacional de Agricultura
041 _a(Por)
072 _aE10; D10
_b/G514
090 _ E10 BR7705804
110 1 _aMinisterio da Agricultura, Brasilia, DF (Brasil)
_96753
245 1 _aConsolidacao de investimentos - Ministerio da Agricultura - Exercicio de 1977 [Brasil]
260 3 _aBrasilia, DF (Brasil):
_c1977.
300 _a259 p.
500 _a27 tables
650 _aAGRICULTURA
650 _aORCAMENTO
650 _aRECURSO ECONOMICO
650 _aADMINISTRACAO
909 _a202309
_bLucia
_c55
_dLucia Elande
942 _cBK
999 _c24725
_d24725